Name the Crows Quiz - Statistics

General Stats
  • This quiz has been taken 167 times
  • The average score is 6 of 6
Answer Stats
Answer % Correct
Kaz Brekker
100%
Inej Ghafa
99%
Jesper Fahey
99%
Nina Zenik
99%
Wylan Van Eck
98%
Matthias Helvar
97%
No matching quizzes found
Score Distribution
Percent of People with Each Score
Percentile by Number Answered
Your Score History
You have not taken this quiz